Cuadernos de derecho pb︢lico

Detalles Bibliográficos
Autor Corporativo: Instituto Nacional de Administracin̤ Pb︢lica (Espaą)
Formato: Revista
Lenguaje:español
Publicado: Madrid : INAP, Instituto Nacional de Administracin̤ Pb︢lica, 1997-
Materias:
Acceso en línea:Acceso restringido

MARC

LEADER 00000nas a2200000 a 4500
005 2012032905195.0
007 cr |||||||||||
008 101123c19979999sp tr p s o0 b0spa c
022 |a 1989-8967  |y 1138-2848 
035 |a 6279 
040 |a vLex 
090 |c 3101  |d 3101 
222 0 |a Cuadernos de derecho pb︢lico  |b (Internet) 
245 0 0 |a Cuadernos de derecho pb︢lico  |h [Recurso electrn̤ico] 
256 |a Servicio en ln̕ea 
260 |a Madrid :  |b INAP, Instituto Nacional de Administracin̤ Pb︢lica,  |c 1997- 
300 |a 1 recurso electrn̤ico 
310 |a Cuatrimestral 
362 0 |a 1 (mayo/ago. 1997)- 
500 |a Iniciada su publicacin̤ en 1997, Cuadernos de Derecho Pb︢lico se presenta como una publicacin̤ que pretende aunar desde la perspectiva pluridisciplinar del Derecho Pb︢lico los estudios e investigaciones de actualidad que afecten a la organizacin̤, funcionamiento y actividad de la Administracin̤ Pb︢lica, tanto desde un punto de vista doctrinal como desde la propia experiencia de la gestin̤ pb︢lica. La revista como publicacin̤ combina la aparicin̤ de un nm︢ero de tema monogrf̀ico al aǫ con otros dos nm︢eros de temt̀ica diversa en la que se recogen estudios doctrinales a la vez que se presta atencin̤ a los problemas de actualidad y se publican en torno a ellos anexos documentales de especial interš. 
504 |a Incluye lesgilacin̤ 
506 1 |a Contenido solo disponible en los productos indicados  |d vLex Global  |d vLex Global (Academic Edition, excluding Law Schools)  |d vLex Global (U.S. Academic Edition, Law Schools)  |d vLex Global (U.S. Academic Edition, excluding Law Schools)  |d vLex Global (Academic Edition, Law Schools) 
650 |a Derecho pb︢lico 
655 4 |a Revistes electrṇiques 
710 2 |a Instituto Nacional de Administracin̤ Pb︢lica (Espaą) 
740 0 |a vLex Revistas (Servicio en ln̕ea) 
856 4 0 |z Acceso restringido  |u http://vlex.com/source/cuadernos-derecho-publico-cdp-6279 
942 |c REV 
999 0 |a Public law